| 000 | 00623nam a2200217 u 4500 | ||
|---|---|---|---|
| 005 | 20240419063735.0 | ||
| 008 | 080610s2006 r 000 0 eng d | ||
| 020 | _a9501119270 | ||
| 035 | _aUPN01000156742 | ||
| 049 | _aI | ||
| 050 | 4 |
_aPZ74.9 _bG3.6 |
|
| 100 | 1 |
_aGaetán, Maura _936900 |
|
| 245 | 1 | 0 |
_aPinocho / _cadap. de Maura Gaetán ; il. de Van Gool. |
| 260 |
_aBuenos Aires : _bSigmar, _c2006. |
||
| 300 |
_a[23] p. : _bprincipalmente il. col. |
||
| 440 | 0 | _aSé leer | |
| 650 | 4 |
_aCuentos infantiles _96744 |
|
| 650 | 4 |
_aLibros y lectura para niños _92290 |
|
| 700 | 1 |
_aGool, Van, _eil. |
|
| 905 | _aInfantil | ||
| 999 |
_c128856 _d128856 |
||